Largest Indian States - Statistics

General Stats
  • This quiz has been taken 23 times
  • The average score is 7 of 10
Answer Stats
Hint Answer % Correct
240,928 Uttar Pradesh
91%
308,252 Madhya Pradesh
82%
329,239 Rajasthan
82%
130,060 Tamil Nadu
82%
307,713 Maharashtra
77%
196,244 Gujarat
73%
191,171 Karnataka
73%
162,970 Andhra Pradesh
64%
155,707 Odisha
59%
135,192 Chattisgarh
55%
No matching quizzes found
Score Distribution
Percent of People with Each Score
Percentile by Number Answered
Your Score History
You have not taken this quiz